Complete the Book Series Quiz Stats

Quiz Updated Aug 8, 2015

Challenge
Share
Tweet
Embed
Score 0/20 Timer 06:00
7 Plays Today
% Correct
The Deathly Hallows
98.9%
City of Heavenly Fire
97.9%
Fifty Shades Freed
97.7%
Inkdeath
97.3%
Beautiful Chaos
97%
The Girl in the Spider's Web
96.5%
Breaking Dawn
95.5%
A Dance with Dragons
95.4%
Specials
94.9%
Allegiant
94.8%
% Correct
Mockingjay
94.8%
The Rising
94.3%
Chosen at Nightfall
94.1%
The Amber Spyglass
92.1%
The Last Olympian
91.8%
And Another Thing...
87.3%
Where She Went
87%
Rapture
86.3%
Inferno
74.5%
Son
71.8%

You're not logged in!

Compare scores with friends on all Sporcle quizzes.
Sign Up with Email
OR
Log In

You Might Also Like...

Show Comments

Extras

Top Quizzes Today


Score Distribution

Your Account Isn't Verified!

In order to create a playlist on Sporcle, you need to verify the email address you used during registration. Go to your Sporcle Settings to finish the process.